000
00343nam a2200145Ia 4500
008
230718s9999 xx 000 0 und d
041
_a
Eng.
082
_a
348.22
_b
ZAI-I
100
_a
Zaidi, Prof. Wasif
245
0
_a
interpretation of statues
260
_a
Pakistan
_b
Inseen low book
_c
2003
300
_a
207
650
_a
Law
999
_c
26908
_d
26908